000 00536nam a22001937a 4500
003 KOHA_MİRAKIL
005 20251002163504.0
008 251002b tu ||||| |||| 00| 0 tur d
020 _a9786258431254
040 _aTR-AnABB
_btur
_cTR-AnABB
041 _atur
082 _a158.1
_bORT 2023
100 _aOrtaylı, İlber,
_d1947-
245 1 0 _aİnsan geleceğini nasıl kurar? /
_cİlber Ortaylı
260 _aİstanbul :
_bKronik Kitap,
_c2023
300 _a288 sayfa ;
_c21 cm
650 0 4 _aPsikoloji
942 _2ddc
_cBK
999 _c9052
_d9052
900 _bGizem YORULMAZ